000 01151cam a2200313 a 4500
001 12552359
003 ARRUPE
005 20211028104142.0
008 011001s2001 sa a b 001 0 eng
010 _a 2001427136
020 _a1868723402
040 _aDLC
_cDLC
_dDLC
043 _af-sa---
050 0 0 _aDT1945
_b.H37 2001
082 0 0 _a355/.0092/268
_221
100 1 _aHamann, Hilton.
_950786
245 1 0 _aDays of the generals :
_b[the untold story of South Africa's apartheid-era military generals] /
_cHilton Hamann.
250 _a1st ed.
260 _aCape Town :
_bZebra,
_c2001.
300 _axvii, 242 p. :
_bill. ;
_c25 cm.
504 _aIncludes bibliographical references (p. 235-236) and index.
651 0 _aSouth Africa
_xHistory, Military
_y1961-
_950787
651 0 _aSouth Africa
_xPolitics and government
_y1961-1978.
_913374
651 0 _aSouth Africa
_xPolitics and government
_y1978-1989.
_98521
651 0 _aSouth Africa
_xPolitics and government
_y1989-1994.
_98522
906 _a7
_bcbc
_corignew
_d3
_encip
_f20
_gy-gencatlg
942 _2lcc
_cMONOGRAPH
999 _c131027
_d131027